Statistiques concernant Culture Générale - Série 268

Cliquez ici pour prendre le quiz!

Statistiques générales

  • Ce quiz a été pris 218 fois
  • Le résultat moyen est 6 sur 10

Statistiques - réponses

QuestionRéponse% Correct
Quand il était président, combien de Premiers ministres Jacques Chirac a-t-il nommés ?4
98%
Que mangez-vous si vous dégustez des pleurotes ?Des champignons
88%
Quel animal est la rascasse ?Un poisson
86%
En 1998, qui incarne Edmond Dantès dans "Le Comte de Monte-Cristo" de Josée Dayan ?Gérard Depardieu
68%
Quel Thierry est associé à l'expression "Tout à fait Thierry" ?Thierry Roland
59%
En astrologie, combien le zodiaque comporte-t-il de décans au total ?36
55%
Quelle actrice incarne l'héroïne Ellen Ripley dans la saga "Alien" ?Sigourney Weaver
55%
A quels insectes Frank Alamo compare-t-il les yeux de sa "biche" dans sa chanson ?Des papillons
50%
Qu'est-ce qui "passait par là" selon les paroles d'un succès de Leny Escudero ?Une amourette
19%
Qui a dit : "Si Dieu pouvait me faire un signe ! Comme un dépôt dans une banque" ?Woody Allen
5%

Distribution des résultats

Percentile par nombre de réponses

% des personnes avec chaque résultat

Votre développement - résultats

Vous n’avez pas pris ce quiz